[Event "WA Premier"]
[Site "Seattle"]
[Date "2008.02.16"]
[Round "6"]
[White "Pupols, Viktors"]
[Black "Bragg, David"]
[Result "1-0"]
[WhiteElo "2201"]
[BlackElo "2208"]
[PlyCount "65"]
[EventDate "2008.02.??"]
[Source "Harrison"]
[SourceDate "2008.03.19"]

1. c4 Nf6 2. Nc3 g6 3. e4 d6 4. d4 Bg7 5. Be2 O-O 6. Nf3 e5 7. d5 Nbd7 8. Bg5
h6 9. Bh4 Qe7 10. Nd2 a5 11. a3 Nc5 12. b4 axb4 13. axb4 Rxa1 14. Qxa1 Na6 15.
Qb2 g5 16. Bg3 h5 17. f3 Nh7 18. Bf2 f5 19. c5 f4 20. c6 Nb8 21. b5 bxc6 22.
dxc6 g4 23. Bc4+ Kh8 24. Nd5 Qf7 25. Bh4 Be6 26. Qb3 Nf6 27. Nxf6 Bxc4 28. Qxc4
Qxc4 29. Nxc4 Bxf6 30. Bxf6+ Rxf6 31. Kf2 Kg7 32. Ra1 Rf8 33. Ra7 1-0

[Event "WA Premier"]
[Site "Seattle"]
[Date "2008.02.16"]
[Round "6"]
[White "Oshiro, Michael"]
[Black "Kalina, Chris"]
[Result "1/2-1/2"]
[WhiteElo "2114"]
[BlackElo "1959"]
[PlyCount "57"]
[EventDate "2008.02.??"]
[Source "Harrison"]
[SourceDate "2008.03.19"]

1. d4 d5 2. c4 c6 3. Nc3 Nf6 4. e3 e6 5. Nf3 Nbd7 6. Bd3 dxc4 7. Bxc4 b5 8. Bb3
Bb7 9. O-O Be7 10. Qe2 O-O 11. Rd1 b4 12. Na4 Qc7 13. Bd2 Rac8 14. Rac1 Qb8 15.
Nc5 Nxc5 16. dxc5 a5 17. Qc4 Qa7 18. Nd4 Ba6 19. Qc2 Rfd8 20. Ba4 Qb7 21. Be1
Nd7 22. Nb3 Qc7 23. a3 Ne5 24. axb4 axb4 25. Bxb4 Bd3 26. Qc3 Bf6 27. Ba5 Qb8
28. Bxd8 Rxd8 29. Nd4 1/2-1/2

[Event "WA Premier"]
[Site "Seattle"]
[Date "2008.02.16"]
[Round "6"]
[White "May, Andy"]
[Black "MacGregor, Michael"]
[Result "0-1"]
[WhiteElo "2128"]
[BlackElo "2205"]
[PlyCount "118"]
[EventDate "2008.02.??"]
[Source "Harrison"]
[SourceDate "2008.03.19"]

1. d4 Nf6 2. Nf3 g6 3. Bf4 Bg7 4. e3 d6 5. h3 Nbd7 6. Be2 b6 7. O-O Bb7 8. c4
O-O 9. Nc3 a6 10. b4 Qe8 11. a4 a5 12. Qb3 e5 13. Bh2 Ne4 14. Nd5 Bxd5 15. cxd5
exd4 16. exd4 Nd2 17. Nxd2 Qxe2 18. Nf3 axb4 19. Rfe1 Qa6 20. Re7 Rfd8 21. Qxb4
Bf8 22. Ree1 Nf6 23. Bg3 Re8 24. Rec1 Nxd5 25. Qb3 Qa5 26. Rab1 Bh6 27. Rc4 Ra7
28. Qc2 Qa6 29. Rb5 Qb7 30. h4 Ne7 31. a5 Nf5 32. axb6 cxb6 33. Rc6 Nxg3 34.
fxg3 Qe7 35. Rbxb6 Qe2 36. Rb2 Ra1+ 37. Kh2 Qf1 38. Kh3 Qh1+ 39. Nh2 Ree1 40.
g4 Rec1 41. Qe2 Ra3+ 42. g3 Qxc6 43. Rb8+ Kg7 44. g5 Bxg5 45. hxg5 Rcc3 46. Qf2
Rxg3+ 47. Qxg3 Rxg3+ 48. Kxg3 Qc7 49. Re8 h6 50. gxh6+ Kxh6 51. Nf3 g5 52. Rh8+
Kg7 53. Rh5 f6 54. Rh1 d5+ 55. Kg2 Qf4 56. Rd1 g4 57. Nh4 Qe4+ 58. Kf2 Qc2+ 59.
Ke1 g3 0-1

[Event "WA Premier"]
[Site "Seattle"]
[Date "2008.02.17"]
[Round "7"]
[White "Bragg, David"]
[Black "Selzler, Ricky"]
[Result "1-0"]
[WhiteElo "2208"]
[BlackElo "2132"]
[PlyCount "79"]
[EventDate "2008.02.??"]
[Source "Harrison"]
[SourceDate "2008.03.19"]

1. d4 Nf6 2. c4 g6 3. Nc3 Bg7 4. e4 d6 5. Be2 O-O 6. g4 e5 7. g5 Nfd7 8. d5 f5
9. h4 Nc5 10. b4 Nxe4 11. Nxe4 fxe4 12. Be3 a5 13. a3 axb4 14. axb4 Rxa1 15.
Qxa1 Na6 16. Qa3 Rf7 17. Bd1 c5 18. dxc6 bxc6 19. b5 cxb5 20. cxb5 Nc7 21. b6
Ne6 22. Qa8 Bb7 (22... d5 23. Bb3 Rd7 $17) 23. Qxd8+ Nxd8 24. Bb3 d5 25. Ne2 d4
$6 (25... Rd7 $15) (25... Kf8 $15) 26. O-O dxe3 27. Rd1 exf2+ 28. Kf1 Kh8 29.
Bxf7 Nxf7 30. Rd7 Bc8 31. Rxf7 e3 32. Rf3 Kg8 33. Rxe3 Bf8 34. Rc3 Ba6 35. Kxf2
Bb4 36. Rc2 Kf8 37. Kf1 Ke8 38. b7 Bd6 39. Rc6 Bxe2+ 40. Kxe2 1-0

[Event "WA Premier"]
[Site "Seattle"]
[Date "2008.02.17"]
[Round "7"]
[White "Kalina, Chris"]
[Black "Pupols, Viktors"]
[Result "0-1"]
[WhiteElo "1959"]
[BlackElo "2201"]
[PlyCount "81"]
[EventDate "2008.02.??"]
[Source "Harrison"]
[SourceDate "2008.03.19"]

1. d4 Nf6 2. Nf3 g6 3. Bg5 Bg7 4. e3 b6 5. Be2 Bb7 6. c4 c5 7. Nc3 cxd4 8. exd4
O-O 9. O-O Ne4 10. Nxe4 Bxe4 11. Qd2 Nc6 12. Rfd1 Rc8 13. Qe3 Bxf3 14. Bxf3 Re8
15. Rac1 d6 16. Bg4 Rc7 17. f4 f5 18. Bf3 Qc8 19. b3 Bf6 20. Bd5+ Kg7 21. Be6
Qa6 22. Rd2 h6 23. Bxf6+ exf6 24. d5 Nd8 25. Re1 Rce7 26. Rde2 Qa5 27. Qd3 Nb7
28. Kf1 Nc5 29. Qd4 b5 30. h3 bxc4 31. bxc4 Ne4 32. Qd3 h5 33. g4 h4 34. Rxe4
$2 fxe4 35. Qxe4 Qxa2 36. g5 Qb2 37. f5 fxg5 38. Re2 gxf5 39. Qf3 Qf6 40. Rf2
Rxe6 41. dxe6 0-1

[Event "WA Premier"]
[Site "Seattle"]
[Date "2008.02.17"]
[Round "7"]
[White "MacGregor, Michael"]
[Black "Levine, David"]
[Result "1-0"]
[WhiteElo "2205"]
[BlackElo "2211"]
[PlyCount "79"]
[EventDate "2008.02.??"]
[Source "Harrison"]
[SourceDate "2008.03.19"]

1. e4 e5 2. Nf3 Nc6 3. Bc4 Nf6 4. d4 exd4 5. e5 Ng4 6. O-O d6 7. exd6 Qxd6 8.
h3 Nf6 9. Ng5 Nd8 10. Re1+ Be7 11. Qe2 Ne6 12. Na3 a6 13. Bxe6 Bxe6 14. Nxe6
Qxe6 15. Bg5 O-O-O 16. Qf3 Qd7 17. Nc4 Rhf8 18. Na5 c6 19. Nc4 Kb8 20. Rad1 c5
21. c3 Nd5 22. Nb6 Nxb6 23. Bxe7 Rfe8 24. Bxd8 Rxd8 25. cxd4 cxd4 26. Re4 Qb5
27. Qf4+ Ka7 28. Rexd4 g5 29. Qd2 Nc4 30. Qc3 Rc8 31. b3 Nb6 32. Qd3 Qa5 33.
Qd2 Qe5 34. Qe3 Qa5 35. Rd6 Rc2 36. R1d5 Rc1+ 37. Kh2 Qb4 38. Rxb6 Qxb6 39.
Qxc1 Qd6+ 40. Rxd6 1-0

[Event "WA Premier"]
[Site "Seattle"]
[Date "2008.02.17"]
[Round "7"]
[White "Collyer, Curt"]
[Black "Oshiro, Michael"]
[Result "1-0"]
[WhiteElo "2254"]
[BlackElo "2114"]
[PlyCount "74"]
[EventDate "2008.02.??"]
[Source "Harrison"]
[SourceDate "2008.03.19"]

1. d4 Nf6 2. c4 c5 3. d5 e5 4. Nc3 d6 5. e4 Be7 6. g3 a6 7. a4 O-O 8. Bg2 Nbd7
9. Nge2 Ne8 10. O-O g6 11. Qc2 f5 12. f4 Ng7 13. Bd2 b6 14. Rae1 Ra7 15. b3 Bf6
16. Kh1 h5 17. Bh3 Be7 18. Ng1 exf4 19. gxf4 Bh4 20. Re2 Nf6 21. e5 Ng4 22. Bg2
Be7 23. h3 Nh6 24. Nf3 h4 25. Qc1 Nh5 26. Be1 Rf7 27. Ng5 dxe5 28. Nxf7 Nxf7
29. fxe5 Bg5 30. Qc2 Bf4 31. Bf3 Ng3+ 32. Bxg3 Bxg3 33. Rg1 g5 34. e6 Nh6 35.
Qd2 Rg7 36. d6 Bf4 37. Qd5 Bb7 (37... Bb7 38. e7+) 1-0

[Event "WA Premier"]
[Site "Seattle"]
[Date "2008.02.17"]
[Round "7"]
[White "Xing, Kerry"]
[Black "May, Andy"]
[Result "1-0"]
[WhiteElo "1871"]
[BlackElo "2128"]
[PlyCount "107"]
[EventDate "2008.02.??"]
[Source "Harrison"]
[SourceDate "2008.03.19"]

1. d4 Nf6 2. c4 g6 3. Nc3 Bg7 4. e4 d6 5. f3 O-O 6. Be3 e5 7. d5 c6 8. Bd3 cxd5
9. exd5 a6 10. Nge2 Ne8 11. O-O f5 12. b4 Nf6 13. Rc1 Re8 14. Bc2 Kh8 15. c5
Qe7 16. Na4 Nbd7 17. c6 bxc6 18. dxc6 Nf8 19. Nb6 Rb8 20. Qd3 Ne6 21. Nxc8
Rexc8 22. Qxa6 d5 23. Ba7 Ra8 24. Qb7 Qe8 25. Ba4 Rc7 {Diagram #} 26. Bb6 Rxb7
(26... Rcc8 $13) 27. cxb7 Qf8 (27... Qxa4 28. Rc8+) (27... Rxa4 28. Rc8) 28.
bxa8=Q Qxa8 29. Bb3 $2 (29. Ba5) (29. Bb5) 29... Qa6 30. Ba5 $2 Qxe2 $19 31.
Rfe1 Qd2 32. Red1 Qe2 33. Re1 Qd2 34. Red1 Qg5 35. Rc8+ Bf8 36. Bxd5 Qe3+ 37.
Kf1 Nxd5 38. Rxd5 Kg7 $6 (38... Nf4 $1 $19) 39. Rd7+ Kh6 40. b5 f4 $4 $138 {
Diagram #} (40... Nf4 $1 $19) 41. Rc3 $1 $18 Nd4 42. Rxe3 fxe3 43. b6 Bc5 44.
b7 Bb4 45. Rxd4 e2+ 46. Kxe2 exd4 47. Bxb4 d3+ 48. Kxd3 g5 49. b8=Q Kg6 50.
Qd6+ Kf7 51. Ke4 h5 52. Kf5 Kg7 53. Qg6+ Kh8 54. Bc3# 1-0

[Event "WA Premier"]
[Site "Seattle"]
[Date "2008.02.17"]
[Round "8"]
[White "Selzler, Ricky"]
[Black "Kalina, Chris"]
[Result "1-0"]
[WhiteElo "2132"]
[BlackElo "1959"]
[PlyCount "39"]
[EventDate "2008.02.??"]
[Source "Harrison"]
[SourceDate "2008.03.19"]

1. e4 c5 2. b3 e6 3. Bb2 d5 4. exd5 exd5 5. Nf3 Nc6 6. Bb5 Bd7 7. O-O Nf6 8.
Re1+ Be6 9. Ng5 Be7 10. Nxe6 fxe6 11. Rxe6 O-O 12. Bxc6 bxc6 13. Qe2 Bd6 14.
Nc3 Qd7 15. Re1 Kh8 16. d3 Ne4 17. Rxe4 dxe4 18. Nxe4 Rae8 19. g3 Qf5 {
Diagram #} 20. Bxg7+ (20. Bxg7+ $1 Kxg7 21. Nxd6 Rxe2 22. Nxf5+) (20. Nxd6 $6
Rxe2 21. Rxe2 Qf3 22. Rd2 $13) 1-0

[Event "WA Premier"]
[Site "Seattle"]
[Date "2008.02.17"]
[Round "8"]
[White "Levine, David"]
[Black "Oshiro, Michael"]
[Result "1-0"]
[WhiteElo "2211"]
[BlackElo "2114"]
[PlyCount "51"]
[EventDate "2008.02.??"]
[Source "Harrison"]
[SourceDate "2008.03.19"]

1. e4 g6 2. d4 Bg7 3. Nc3 d6 4. Be3 a6 5. Qd2 b5 6. a4 b4 7. Nd1 a5 8. c3 bxc3
9. bxc3 Nd7 10. f4 e6 11. Nf3 Ne7 12. Nf2 Nb6 13. g4 h5 14. h3 Bd7 15. Bd3 Nxa4
16. f5 hxg4 17. hxg4 Rxh1+ 18. Nxh1 gxf5 19. gxf5 exf5 20. Ng3 fxe4 21. Nh5 Bh8
22. Bxe4 Nb6 23. Bg5 d5 24. Bf6 dxe4 25. Qh6 Be6 26. Ne5 1-0

[Event "WA Premier"]
[Site "Seattle"]
[Date "2008.02.18"]
[Round "8"]
[White "MacGregor, Michael"]
[Black "Xing, Kerry"]
[Result "0-1"]
[WhiteElo "2205"]
[BlackElo "1871"]
[PlyCount "66"]
[EventDate "2008.02.??"]
[Source "Harrison"]
[SourceDate "2008.03.19"]

1. e4 e6 2. d4 d5 3. Nc3 Bb4 4. e5 c5 5. Bd2 Ne7 6. Nb5 Bxd2+ 7. Qxd2 O-O 8. f4
a6 9. Nd6 cxd4 10. Nf3 Nbc6 11. Bd3 f6 12. O-O Qb6 13. Qe2 Nb4 14. Bxh7+ Kxh7
15. Ng5+ fxg5 16. Qh5+ Kg8 17. fxg5 d3+ 18. Kh1 Bd7 19. Rf7 Rxf7 20. Qxf7+ Kh8
21. Qxe7 Qf2 22. cxd3 Rf8 23. h3 Nxd3 24. Qxd7 Ne1 25. Rxe1 Qxe1+ 26. Kh2 Qxe5+
27. Kg1 Qe3+ 28. Kh2 Qf4+ 29. Kg1 d4 30. g6 Qe3+ 31. Kh2 d3 32. Qe7 Qf4+ 33.
Kg1 d2 0-1

[Event "WA Premier"]
[Site "Seattle"]
[Date "2008.02.17"]
[Round "8"]
[White "Pupols, Viktors"]
[Black "Collyer, Curt"]
[Result "0-1"]
[WhiteElo "2201"]
[BlackElo "2254"]
[PlyCount "98"]
[EventDate "2008.02.??"]
[Source "Harrison"]
[SourceDate "2008.03.19"]

1. c4 c6 2. Nf3 Nf6 3. g3 d5 4. Qc2 e6 5. Bg2 b5 6. b3 Ba6 7. d3 Nbd7 8. O-O
Rc8 9. Bb2 Bd6 10. Nbd2 O-O 11. e4 Qc7 12. Rfe1 dxe4 13. Nxe4 Nxe4 14. dxe4
bxc4 15. e5 Be7 16. bxc4 Qa5 17. h4 Nc5 18. Bf1 Rfd8 19. Bc3 Qa3 20. Be2 h6 21.
Rab1 Qa4 22. Qxa4 Nxa4 23. Ba5 Rd7 24. Red1 Rxd1+ 25. Rxd1 Bc5 26. Nd2 Bd4 27.
Ne4 c5 28. Kh2 Rb8 29. f4 Rb2 30. Rd2 Rb1 31. Nd6 Nb2 32. Rc2 Ra1 33. f5 Bxe5
34. Ne4 Bd4 35. fxe6 fxe6 36. Nd6 Rxa2 37. Bd8 Ra1 38. Bh5 Rf1 39. Kg2 Rg1+ 40.
Kh3 Re1 41. Bg6 e5 42. Kg4 Rf1 43. Be4 Kf8 44. Kh5 Rg1 45. g4 Ra1 46. Bd5 Nd3
47. Kg6 Nf4+ 48. Kh7 Nxd5 49. cxd5 Bd3+ 0-1

[Event "WA Premier"]
[Site "Seattle"]
[Date "2008.02.17"]
[Round "9"]
[White "Oshiro, Michael"]
[Black "Pupols, Viktors"]
[Result "1/2-1/2"]
[WhiteElo "2114"]
[BlackElo "2201"]
[PlyCount "37"]
[EventDate "2008.02.??"]
[Source "Harrison"]
[SourceDate "2008.03.19"]

1. e4 c6 2. d4 d5 3. exd5 cxd5 4. c4 Nf6 5. Nc3 Nc6 6. cxd5 Nxd5 7. Nf3 Bf5 8.
Bb5 e6 9. Qa4 Ndb4 10. d5 Nc2+ 11. Kf1 exd5 12. Bg5 f6 13. Rd1 fxg5 14. Rxd5
Qf6 15. Rxf5 Qxf5 16. Bxc6+ bxc6 17. Qxc6+ Kf7 18. Qxa8 Nd4 19. Nxg5+ 1/2-1/2

[Event "WA Premier"]
[Site "Seattle"]
[Date "2008.02.18"]
[Round "9"]
[White "Kalina, Chris"]
[Black "May, Andy"]
[Result "1-0"]
[WhiteElo "1959"]
[BlackElo "2128"]
[PlyCount "139"]
[EventDate "2008.02.??"]
[Source "Harrison"]
[SourceDate "2008.03.19"]

1. d4 Nf6 2. Nf3 g6 3. Bg5 Bg7 4. e3 d6 5. Be2 O-O 6. O-O h6 7. Bf4 Nbd7 8. h3
Qe8 9. c4 Nh5 10. Bh2 f5 11. Nc3 c6 12. Qc2 e5 13. Rae1 Kh8 14. Kh1 g5 15. dxe5
dxe5 16. g4 fxg4 17. hxg4 Nhf6 18. Nd2 Nc5 19. f3 a5 20. Rd1 h5 21. Nde4 Qg6
22. Bxe5 Nfxe4 23. Bxg7+ Kxg7 24. fxe4 Bxg4 25. Bxg4 hxg4 26. Kg2 Qh5 27. Rh1
Qf7 28. Qe2 Qe6 29. Qc2 Rh8 30. b3 Rh4 31. Qd2 Re8 32. Qd4+ Qe5 33. Qxe5+ Rxe5
34. Rd4 Re7 35. Rh2 Nd7 36. Kg3 Ne5 37. Rxh4 gxh4+ 38. Kxh4 Kf6 39. Rd6+ Kg7
40. Na4 Re8 41. Nc5 b6 42. Ne6+ Kf7 43. Ng5+ Kg7 44. Kg3 a4 45. Kf4 axb3 46.
axb3 Re7 47. Ne6+ Kf6 48. Nd4+ Kf7 49. Nxc6 Nxc6 50. Rxc6 g3 51. Kxg3 Rxe4 52.
Kf3 Rh4 53. Rxb6 Ke7 54. c5 Kd7 55. b4 Kc7 56. e4 Rh3+ 57. Kf4 Rh4+ 58. Ke5
Rh5+ 59. Kd4 Rh1 60. Kd5 Rd1+ 61. Kc4 Rc1+ 62. Kb5 Ra1 63. Rh6 Re1 64. Rh7+ Kc8
65. Kb6 Rxe4 66. b5 Re8 67. c6 Kb8 68. Rb7+ Ka8 69. Ra7+ Kb8 70. c7+ 1-0

[Event "WA Premier"]
[Site "Seattle"]
[Date "2008.02.18"]
[Round "9"]
[White "Bragg, David"]
[Black "MacGregor, Michael"]
[Result "0-1"]
[WhiteElo "2208"]
[BlackElo "2205"]
[PlyCount "98"]
[EventDate "2008.02.??"]
[Source "Harrison"]
[SourceDate "2008.03.19"]

1. d4 Nf6 2. Nc3 d5 3. Bg5 Nbd7 4. Nf3 h6 5. Bf4 a6 6. e3 e6 7. Bd3 Bb4 8. O-O
O-O 9. Ne2 Nh5 10. c4 Nxf4 11. Nxf4 c6 12. c5 Ba5 13. Bc2 Re8 14. Qd3 Nf8 15.
Rad1 Bc7 16. Rfe1 Bd7 17. Qc3 Re7 18. Nd3 f5 19. Nfe5 Be8 20. Rf1 g5 21. f4 Rg7
22. Rd2 Nh7 23. fxg5 hxg5 24. g4 Nf6 25. Rg2 Ne4 26. Qe1 Bd7 27. Qe2 Qe7 28.
Kh1 Rf8 29. Rfg1 Be8 30. b4 Rf6 31. gxf5 exf5 32. Nf2 Rh6 33. Nxe4 dxe4 34.
Bb3+ Kh8 35. Qf2 Bxe5 36. dxe5 Qxe5 37. Rxg5 Bh5 38. R1g3 (38. Rxg7 Bf3+ 39.
R7g2 Qxh2#) 38... Qa1+ 39. Qg1 Bf3+ 40. Rxf3 Qxg1+ 41. Rxg1 Rxg1+ 42. Kxg1 exf3
43. Kf2 Rxh2+ 44. Kxf3 Kg7 45. Kg3 Rd2 46. Kf3 Kf6 47. Bc4 Ke5 48. Bf7 Rd3 49.
Bb3 f4 0-1

[Event "WA Premier"]
[Site "Seattle"]
[Date "2008.02.18"]
[Round "9"]
[White "Collyer, Curt"]
[Black "Selzler, Ricky"]
[Result "1/2-1/2"]
[WhiteElo "2254"]
[BlackElo "2132"]
[PlyCount "120"]
[EventDate "2008.02.??"]
[Source "Harrison"]
[SourceDate "2008.03.19"]

1. d4 Nf6 2. Nf3 e6 3. e3 d5 4. c4 Be7 5. Nbd2 O-O 6. Bd3 Nbd7 7. O-O c5 8. b3
cxd4 9. exd4 dxc4 10. bxc4 b6 11. Qe2 Bb7 12. Bb2 Re8 13. Rac1 Qc7 14. Rfd1
Rad8 15. Bb1 Ba8 16. Nf1 Qb7 17. Ng3 Rc8 18. Ne1 Bd6 19. f3 Qb8 20. Nf1 e5 21.
d5 b5 22. cxb5 Rxc1 23. Bxc1 Bxd5 24. Be4 Nxe4 25. fxe4 Be6 26. Kh1 Bf8 27. Nf3
f6 28. Ne3 Nc5 29. Nd5 Qb7 30. Nc3 Qf7 31. Be3 Rc8 32. Qf2 Qb7 33. h3 a6 34.
bxa6 Qxa6 35. Qb2 Na4 36. Qb5 Qxb5 37. Nxb5 Nc3 38. Nxc3 Rxc3 39. Bd2 Ra3 40.
Rc1 Rxa2 41. Be3 Ra4 42. Nd2 Bb4 43. Nf1 Kf7 44. Kh2 Ba5 45. Ng3 Ra3 46. Bc5
Ra4 47. Rb1 Rc4 48. Rb7+ Kg6 49. Bf8 Rc7 50. Rxc7 Bxc7 51. Bc5 Kf7 52. Nf5 Bxf5
53. exf5 Bd8 54. g4 Be7 55. Be3 Ke8 56. Kg3 Kd7 57. Kf3 Kc6 58. Ke4 Bc5 59. Bc1
Bb4 60. Be3 Be1 {remaining moves not recorded due to sudden death time
pressure. This game was eventually drawn.} 1/2-1/2

[Event "WA Premier"]
[Site "Seattle"]
[Date "2008.02.18"]
[Round "9"]
[White "Xing, Kerry"]
[Black "Levine, David M"]
[Result "1/2-1/2"]
[WhiteElo "1872"]
[BlackElo "2211"]
[Annotator "Levine"]
[PlyCount "78"]
[EventDate "2008.02.??"]
[Source "Harrison"]
[SourceDate "2008.03.19"]

{This game was played in the last round. I was having a mediocre tournament,
but my opponent, the lowest rated player in the Premiere section was having a
terrific tournament and was in contention for first place.} 1. d4 d5 2. c4 e6
3. Nc3 c5 4. cxd5 exd5 5. Nf3 Nc6 6. g3 Nf6 7. Bg2 Be7 8. O-O O-O 9. Bg5 cxd4
10. Nxd4 h6 11. Be3 Re8 12. Rc1 Bg4 {The other move played in this position is
12...Bf8 fighting for the e4 square and intending the exchange sac ...Rxe3 in
some lines. However, if White follows the standard plan of Nxc6 saddling Black
with hanging pawns he can force the trade of bishops on the a3-f8 diagonal and
occupy c5 with his knight with advantage. Kasparov has shown that If the
bishop stays on e7 instead, it may retreat to d8 after White's Bc5, retaining
pieces on the board and leaving White with multiple pieces trying to occupy c5.
} 13. h3 Be6 14. Kh2 Ne5 {I thought White's last move was too slow since there
is not yet a second attacker on h3 it allows me to avoid the knight trade and
keep an extra pair of pieces on the board to synergize with the isolated pawn.}
15. b3 $6 {Making dark square weaknesses. Fritz prefers} (15. Ncb5 Nc4 16. Bf4
Nh5 17. Bc7 Qd7 18. e4) 15... a6 $6 {15... Rc8, developing a piece instead of
also making dark square weaknesses is probably better.} 16. Na4 Ba3 17. Rc2 Rc8
18. Bc1 {Fighting for the dark squares. The bishop now finds a nice home on
the long diagonal.} Bf8 $6 {Black wants to keep pieces on the board and under
the influence of opening theory (see note to move 12) played this quickly. But,
probably18...Bd6 aiming at White's king, or 18...Bb4, in order to have the
option to capture White's knight if it returns to c3 and fight for control of
e4, is better.} 19. Bb2 {With an eye on Black's knight on e5.} Bd7 20. Rxc8
Bxc8 21. Qc2 Ne4 {Fighting for the c5 square.} 22. Nc3 f5 {In for a penny, in
for a pound. This move significantly weakens the light squares in Black's
position, but maintaining the knight on e4 seems to me the only consistent way
to play.} 23. e3 {
White protects f2 with the queen in order to be able to play Rd1.} h5 24. Rd1
h4 25. Nxf5 $5 {Both players were approaching time trouble and the position
gets very sharp after this move.} Bxf5 26. Bxe4 $6 (26. Nxe4 Nf7 {
Intending 27...Qe7 piling on the pinned knight} 27. Nf6+ Qxf6 28. e4 {
Winning back the piece with a messy, but equal position according to Fritz.})
26... hxg3+ 27. fxg3 Nf3+ 28. Kh1 Rxe4 $1 29. Qf2 Qg5 ({
With time running low I was caught between the almost-brilliant 29...d4, e.g.,
} 29... d4 30. Qxf3 dxc3 31. Rxd8 cxb2 32. Rxf8+ $1 {Ooops!} Kxf8 33. Qxf5+) ({
and the Topalov-like exchange sac} 29... Qe8 30. Qxf3 Bxh3 31. Nxe4 dxe4) 30.
Qxf3 Rxe3 31. Qxd5+ {When I played 29...Qg5 I'd been intending to answer this
with ...Be6, but now noticed that my queen on g5 would hang.} Kh7 $4 {
Because I hadn't seen White's threat, 32 Bc1, I thought I was winning and put
the king here to get him off the back rank and shelter him from checks by the
f5 bishop. However, if the queen moves too far the bishop will hang with check.
Therefore,} (31... Kh8 32. Bc1 Qxg3 33. Bxe3 (33. Qxf5 Qxh3+ 34. Qxh3+ Rxh3+
35. Kg2 Rxc3) 33... Qxh3+ 34. Kg1 Qxe3+) 32. Bc1 Qh5 33. Bxe3 Qxh3+ 34. Kg1
Qxg3+ 35. Kf1 Qh3+ 36. Ke2 Qh2+ 37. Ke1 $6 (37. Bf2 $1 {and White ties for
first place! Black can win the exchange, but since White is up a rook it isn't
enough.} Bg4+ 38. Ke1 Bxd1 39. Qe4+ Kg8 40. Nxd1) 37... Qg3+ 38. Kd2 $6 ({With
} 38. Kf1 $1 {
White can reach the above position a second time and play Bf2!, winning. E.g.,}
Qh3+ 39. Ke2 Bg4+ 40. Kd2) 38... Qh2+ 39. Ne2 $4 (39. Ke1 $1 {Missing the last
chance to reach the winning position with the king on e2 and play Bf2!}) ({
It is even possible for White to lose} 39. Kc1 $2 Qc2# (39... Ba3#)) 39... Bb4+
{Its perpetual check after 40 Kc1 Ba3+.} 1/2-1/2

[Event "Invitational"]
[Site "Seattle"]
[Date "2008.02.09"]
[Round "1"]
[White "Gale, Geoff"]
[Black "Kelley, Dereque"]
[Result "0-1"]
[WhiteElo "2042"]
[BlackElo "2035"]
[PlyCount "38"]
[EventDate "2008.02.??"]
[Source "Harrison"]
[SourceDate "2008.03.19"]

1. e4 e5 2. Nf3 Nf6 3. Nxe5 d6 4. Nc4 Nxe4 5. Qe2 Qe7 6. Ne3 Nf6 7. g3 Nc6 8.
Bg2 g6 9. O-O Bg7 10. Re1 O-O 11. Qd1 Re8 12. d4 Bg4 13. f3 Nd5 14. fxg4 Nxe3
15. Bxe3 Bxd4 16. Bf2 Qxe1+ 17. Qxe1 Rxe1+ 18. Bf1 Rxf1+ 19. Kxf1 Bxb2 0-1

[Event "Invitational"]
[Site "Seattle"]
[Date "2008.02.09"]
[Round "1"]
[White "Do, Nhon"]
[Black "Chang, Eddie"]
[Result "1-0"]
[WhiteElo "2103"]
[BlackElo "1842"]
[PlyCount "55"]
[EventDate "2008.02.??"]
[Source "Harrison"]
[SourceDate "2008.03.19"]

1. Nf3 Nf6 2. c4 e6 3. Nc3 Bb4 4. Qc2 O-O 5. e4 d5 {'?'} (5... d6 6. a3 $14 (6.
Be2 $14)) 6. e5 Bxc3 7. dxc3 Ne4 8. Bd3 f5 9. exf6 Nxf6 10. Bg5 h6 11. Bh7+ Kh8
12. h4 Nc6 13. O-O-O Qd6 14. Bg6 Ne5 $4 15. Nxe5 (15. c5 $1 $18) 15... Qxe5 16.
Qd2 Ne4 $4 17. Qe3 $18 Kg8 18. f4 Qd6 19. Bxe4 hxg5 20. Bh7+ $6 (20. hxg5 $18)
20... Kxh7 21. hxg5+ Kg8 22. g3 $2 (22. Rh4 $142 $13) 22... Bd7 23. Qf3 (23. g6
Be8 $19) (23. Qe2 $1 Be8 24. Qc2 $1 (24. Qh2 $2 Bg6 $17) 24... Rf5 25. Qh2 $44
Kf7 (25... Bg6 $2 26. Qh8+ Kf7 27. Qxa8) 26. Qh5+ Ke7 27. Qh7 Bc6 28. Qxg7+ Rf7
29. Qg6 Raf8 30. Rh6 Ba4 31. Re1 Bd7 32. Qh5 dxc4 33. g6 $18) 23... Be8 24.
cxd5 exd5 25. Rxd5 Qc6 26. f5 (26. Qd1 $17) 26... Bf7 27. g6 Qxd5 $4 (27...
Bxg6 $1 $19) 28. Rh8+ 1-0

[Event "Invitational"]
[Site "Seattle"]
[Date "2008.02.09"]
[Round "1"]
[White "Hosford, Michael"]
[Black "Bartron, Paul"]
[Result "0-1"]
[WhiteElo "1878"]
[BlackElo "2106"]
[PlyCount "86"]
[EventDate "2008.02.??"]
[Source "Harrison"]
[SourceDate "2008.03.19"]

1. e4 c5 2. Nf3 e6 3. Qe2 Nc6 4. g3 d6 5. Bg2 Nf6 6. O-O Be7 7. c3 O-O 8. d4 e5
9. d5 Nb8 10. Ne1 Bg4 11. f3 Bh5 12. Nc2 Ne8 13. Be3 Nd7 14. c4 Nc7 15. Nc3 a6
16. Bf2 b5 17. b3 Rb8 18. Rab1 Bg5 $4 19. h4 Be7 20. g4 Bxh4 21. gxh5 Qg5 22.
Ne3 Bxf2+ 23. Qxf2 Qxh5 24. Nf5 b4 25. Qg3 g6 26. Kf2 bxc3 27. Rh1 Nf6 28. Rxh5
Nxh5 29. Qh4 Nf4 30. Rh1 h5 31. Ne7+ Kg7 32. Bh3 a5 33. Nc6 Rb7 34. Ke3 a4 35.
Qe7 axb3 36. Qxd6 Nxh3 37. Qxe5+ f6 38. Qxc3 bxa2 39. Rxh3 Rb1 40. e5 a1=Q 41.
Qxa1 Rxa1 42. e6 Nxe6 43. dxe6 Ra6 0-1